000 01114cad a22002175a 4500
001 L146866
008 090304s2009 xxkd f s 000 0 eng d
035 _a(Sirsi) u146866
041 0 _aeng
050 0 4 _a333.332 $2 18
110 2 _aKing Sturge
_93877
245 0 0 _aEuropean property sustainability matters 2009
_h[electronic resource]
260 _a[S.l.]
_bKing Sturge
_c2009
520 _aReveals that energy security has become as much a short-medium term priority as climate change and that there is increasing confusion over the term 'sustainability'. Reports a lack of long-term governance in many governments and that the development of tools to assess environmental performance of buildings globally has grown rapidly and varies greatly from one country to another. Discusses regulatory reform at EU and UK levels.
521 _aAdvanced
590 _aKA
651 4 _aEurope
690 _aPROPERTY-COMMERCIAL PROPERTY-COMMERCIAL PROPERTY MARKET
856 4 0 _uhttps://www.kingsturge.com/
_zView the research report free of charge (registration required) at www.kingsturge.com...
942 _n0
999 _c109324
_d109324